000 00293nam a22001337a 4500
008 170320b xxu||||| |||| 00| 0 eng d
020 _a007000033416
041 _aeng
080 _25 ED
_a616.8
100 _a7
101 _aSHM
245 _aPRINCIPLES NEUROLOGY
_cADAMS.R.D
942 _2udc
_cBK
999 _c8124
_d8124